Statistiques concernant Paroles - Il avait les mots - Sheryfa Luna

Cliquez ici pour prendre le quiz!

Statistiques générales

  • Ce quiz a été pris 2 496 fois
  • Le résultat moyen est 267 sur 309

Statistiques - réponses

Réponse% Correct
Il
100%
il
100%
je
99%
Je
99%
le
99%
M'a
99%
m'a
99%
avait
97%
de
97%
la
97%
les
97%
mots
97%
dans
96%
Dans
96%
ne
96%
pas
96%
que
96%
se
96%
accro
95%
me
95%
ses
95%
bras
94%
et
94%
rendue
94%
Sa
94%
sa
94%
Ce
93%
ce
93%
qui
93%
connaissais
92%
tout
90%
ça
89%
moi
89%
plus
89%
était
88%
lui
88%
savais
88%
j'ai
87%
J'ai
87%
mais
87%
Mais
87%
Par
87%
âgé
86%
si
86%
suis
86%
bête
85%
l'ai
84%
toujours
84%
dérangé
83%
pour
83%
voyais
83%
vraiment
83%
bêtement
82%
dejà
82%
déjà
82%
qu'il
82%
tombée
82%
des
81%
dès
81%
l'avenir
81%
découvert
80%
l'aimais
78%
sincère
78%
vie
78%
est
77%
pouvais
77%
qu'à
77%
femme
76%
m'en
76%
semblait
76%
fermais
74%
soir
74%
J'étais
72%
j'étais
72%
faux
71%
pensais
71%
rarement
71%
dérangée
70%
temps
70%
capter
69%
famille
69%
son
69%
suite
69%
avec
68%
disait
68%
mentait
68%
parlait
68%
Pendant
68%
jouets
67%
n'avais
67%
première
67%
quand
67%
trouvé
67%
m'aimait
66%
même
66%
on
66%
chien
65%
compagnie
65%
ex
65%
maison
65%
chez
64%
elle
64%
nom
64%
souvent
64%
trompait
64%
caisse
63%
cramé
63%
l'soir
62%
suivi
62%
continuait
61%
jardin
61%
l'appeler
61%
s'amusait
61%
conne
60%
perdait
59%
venue
59%
m'avouer
56%
Putain
56%
s'imagine
56%
découvrais
54%
supportais
54%
surprise
53%
cachait ?
52%
cqu'il
52%
doutais
52%
qu'est-ce
51%
pardonnais
50%
m'racontait
48%
grillé
44%
j'n'étais
40%

Distribution des résultats

Percentile par nombre de réponses

% des personnes avec chaque résultat

Votre développement - résultats

Vous n’avez pas pris ce quiz